LEADER 01158nam 2200373 450 001 9910816051503321 005 20230803211600.0 010 $a3-7369-4761-5 035 $a(CKB)4340000000200743 035 $a(MiAaPQ)EBC5022815 035 $a(EXLCZ)994340000000200743 100 $a20171002h20142014 uy 0 101 0 $aeng 135 $aurcnu|||||||| 181 $2rdacontent 182 $2rdamedia 183 $2rdacarrier 200 10$aRotational spectra of elusive molecules in the laboratory and in space /$fSilvia Spezzano 210 1$aGo?ttingen, [Germany] :$cCuvillier Verlag,$d2014. 210 4$dİ2014 215 $a1 online resource (143 pages) $cillustrations, tables 311 $a3-95404-761-6 320 $aIncludes bibliographical references. 606 $aHigh resolution spectroscopy 615 0$aHigh resolution spectroscopy. 676 $a543.62 700 $aSpezzano$b Silvia$01706102 801 0$bMiAaPQ 801 1$bMiAaPQ 801 2$bMiAaPQ 906 $aBOOK 912 $a9910816051503321 996 $aRotational spectra of elusive molecules in the laboratory and in space$94093287 997 $aUNINA